000
00258nam a2200109Ia 4500
005
20251222144624.0
008
251222s9999||||xx |||||||||||||| ||spa||
082
_a
338.642/M84
245
0
_a
La Pequeña Industria en el Perú
264
_b
CISEYT
942
_c
LIB
999
_c
16064
_d
16064